|
|
|
|
| LEADER |
00671nab a2200181 i 4500 |
| 001 |
acta64263 |
| 005 |
20260224081030.0 |
| 008 |
200401s2017 hu o 000 hun d |
| 022 |
|
|
|a 2062-7084
|
| 040 |
|
|
|a SZTE Egyetemi Kiadványok Repozitórium
|b hun
|
| 041 |
|
|
|a hun
|
| 100 |
1 |
|
|a Joó Mária
|
| 245 |
1 |
0 |
|a Feminista liberalizmus - liberális feminizmus ma
|h [elektronikus dokumentum] :
|b Martha Nussbaum /
|c Joó Mária
|
| 260 |
|
|
|c 2017
|
| 300 |
|
|
|a 106-122
|
| 490 |
0 |
|
|a Társadalmi Nemek Tudománya Interdiszciplináris eFolyóirat
|v 7 No. 2
|
| 695 |
|
|
|a Feminizmus, Martha Nussbaum
|
| 856 |
4 |
0 |
|u http://acta.bibl.u-szeged.hu/64263/1/tntef_007_002_106-122.pdf
|z Dokumentum-elérés
|